|
|
|
|
| LEADER |
00608nta a2200157 i 4500 |
| 001 |
dipl35090 |
| 005 |
20130314094712.0 |
| 008 |
111124s1977 hu om 0|| zxx d |
| 040 |
|
|
|a SZTE Diploma Repozitórium
|b hun
|
| 041 |
|
|
|a zxx
|
| 100 |
1 |
|
|a Boholy György
|
| 245 |
1 |
3 |
|a Az alkoholisták kötelező munkaterápiás intézeti gyógykezelésének eljárásjogi problémái
|h [elektronikus dokumentum] /
|c György Boholy
|
| 260 |
|
|
|c 1977
|
| 650 |
|
4 |
|a Jogi és igazgatási tanulmányok
|
| 700 |
1 |
|
|a nincs megadva
|e ths
|
| 856 |
4 |
0 |
|u http://diploma.bibl.u-szeged.hu/id/eprint/35090/1/1977_boholy__gyorgy.pdf
|z Dokumentum-elérés
|